书目信息 |
| 题名: |
让青春之花绽放在祖国最需要的地方
|
|
| 作者: | 庞东贺 , 黄陆军 , 李敬伟 主编 | |
| 分册: | ||
| 出版信息: | 北京 人民日报出版社 2017 |
|
| 页数: | [8] 页图版, 255页 | |
| 开本: | 24cm | |
| 丛书名: | ||
| 单 册: | ||
| 中图分类: | G643.245 , G643 | |
| 科图分类: | ||
| 主题词: | ||
| 电子资源: | ||
| ISBN: | 978-7-5115-4777-4 | |
| 000 | 01325nam0 2200289 450 | |
| 001 | 012001002825 | |
| 005 | 20131031100515.0 | |
| 010 | @a978-7-5115-4777-4@dCNY49.80 | |
| 099 | @aCAL 012018141747 | |
| 100 | @a20181107d2017 em y0chiy50 ea | |
| 101 | 0 | @achi |
| 102 | @aCN@b110000 | |
| 105 | @aacf z 000yy | |
| 106 | @ar | |
| 200 | 1 | @a让青春之花绽放在祖国最需要的地方@ARang Qing Chun Zhi Hua Zhan Fang Zai Zu Guo Zui Xu Yao De Di Fang@e哈尔滨工业大学研究生支教团十五周年工作扫描@f主编 庞东贺,黄陆军,李敬伟@zeng |
| 210 | @a北京@c人民日报出版社@d2017 | |
| 215 | @a[8] 页图版, 255页@c图 (部分彩图), 肖像@d24cm | |
| 330 | @a本书编委会对十五年来哈工大研究生支教团的工作进行了回顾,整理了各种制度文件和媒体报道,征集了历届支教团志愿者撰写和收集的随笔、心语、日记、学生书信等资料,以期能够全面真实地反映哈工大研究生支教团十五年的风雨历程。 | |
| 517 | 1 | @a哈尔滨工业大学研究生支教团十五周年工作扫描@AHa Er Bin Gong Ye Da Xue Yan Jiu Sheng Zhi Jiao Tuan Shi Wu Zhou Nian Gong Zuo Sao Miao |
| 601 | 02 | @a哈尔滨工业大学@AHa Er Bin Gong Ye Da Xue@x研究生@x社会实践@x概况 |
| 690 | @aG643.245@v5 | |
| 690 | @aG643@v5 | |
| 701 | 0 | @a庞东贺@APang Dong He@4主编 |
| 701 | 0 | @a黄陆军@AHuang Lu Jun@4主编 |
| 701 | 0 | @a李敬伟@ALi Jing Wei@4主编 |
| 801 | 0 | @aCN@b江苏凤凰@c20191020 |
| 905 | @b1230794-7@dG643.245@e1431@f4 | |
| 让青春之花绽放在祖国最需要的地方:哈尔滨工业大学研究生支教团十五周年工作扫描/主编 庞东贺,黄陆军,李敬伟.-北京:人民日报出版社,2017 |
| [8] 页图版, 255页:图 (部分彩图), 肖像;24cm |
| ISBN 978-7-5115-4777-4:CNY49.80 |
| 本书编委会对十五年来哈工大研究生支教团的工作进行了回顾,整理了各种制度文件和媒体报道,征集了历届支教团志愿者撰写和收集的随笔、心语、日记、学生书信等资料,以期能够全面真实地反映哈工大研究生支教团十五年的风雨历程。 |
| ● |
| 相关链接 |
|
|
|
|
正题名:让青春之花绽放在祖国最需要的地方
索取号:G643.245/1431
 
预约/预借
| 序号 | 登录号 | 条形码 | 馆藏地/架位号 | 状态 | 备注 |
| 1 | 1230794 | 212307948 | 第一样本阅览室/ [索取号:G643.245/1431] | 在馆 | |
| 2 | 1230795 | 212307957 | 教育系资料室/ [索取号:G643.245/1431] | 在馆 | |
| 3 | 1230796 | 212307966 | 教育系资料室/ [索取号:G643.245/1431] | 在馆 | |
| 4 | 1230797 | 212307975 | 第四借阅区/ [索取号:G643.245/1431] | 在馆 |